| 000 | 00330nam a22001217a 4500 | ||
|---|---|---|---|
| 082 |
_a537 _bHUT |
||
| 100 |
_aHutchinson, Robert W. _939894 |
||
| 245 |
_aElementry electricity and magnetism. _c Robert W.Hutchinson, |
||
| 300 | _aviii, 479p,: | ||
| 526 |
_a0 _b0 _c0 _d537_000000000000000_HUT |
||
| 650 |
_aMCE _9379 |
||
| 942 |
_2ddc _cBK |
||
| 999 |
_c552677 _d552677 |
||